<?xml version="1.0" encoding="UTF-8"?>
<record
    xmlns:xsi="http://www.w3.org/2001/XMLSchema-instance"
    xsi:schemaLocation="http://www.loc.gov/MARC21/slim http://www.loc.gov/standards/marcxml/schema/MARC21slim.xsd"
    xmlns="http://www.loc.gov/MARC21/slim">

  <leader>02894nmm a2200337 i 4500</leader>
  <controlfield tag="003">vecauma</controlfield>
  <controlfield tag="005">20250923145222.0</controlfield>
  <controlfield tag="007">cz aa aaaaa</controlfield>
  <controlfield tag="008">250923s2025    ve ||||fo||d| 00| 0 spa d</controlfield>
  <datafield tag="040" ind1=" " ind2=" ">
    <subfield code="a">vecauma</subfield>
    <subfield code="b">spa</subfield>
    <subfield code="c">vecauma</subfield>
    <subfield code="d">vecauma</subfield>
    <subfield code="e">rda</subfield>
  </datafield>
  <datafield tag="041" ind1="0" ind2=" ">
    <subfield code="a">spa</subfield>
  </datafield>
  <datafield tag="099" ind1=" " ind2=" ">
    <subfield code="f">PFC11</subfield>
    <subfield code="c">2025</subfield>
  </datafield>
  <datafield tag="100" ind1="1" ind2=" ">
    <subfield code="9">13387</subfield>
    <subfield code="a">De Biaggi Donis, Brina</subfield>
    <subfield code="e">autor</subfield>
  </datafield>
  <datafield tag="245" ind1="1" ind2="0">
    <subfield code="a">Podcast "Vibrando Alto" para visibilizar la filosof&#xED;a de vida del C&#xED;rculo de Realizaci&#xF3;n Personal (CRP) en Caracas, Venezuela</subfield>
    <subfield code="c">/ Brina De Biaggi Donis, Mar&#xED;a Elisa Delgado Torres ; tutor, Evelyn Miranda.</subfield>
  </datafield>
  <datafield tag="264" ind1=" " ind2=" ">
    <subfield code="c">junio 2025.</subfield>
  </datafield>
  <datafield tag="300" ind1=" " ind2=" ">
    <subfield code="a">1 recurso en l&#xED;nea.</subfield>
  </datafield>
  <datafield tag="336" ind1=" " ind2=" ">
    <subfield code="a">texto</subfield>
    <subfield code="b">txt</subfield>
    <subfield code="2">rdacontenido</subfield>
  </datafield>
  <datafield tag="337" ind1=" " ind2=" ">
    <subfield code="a">computadora</subfield>
    <subfield code="b">c</subfield>
    <subfield code="2">rdamedio</subfield>
  </datafield>
  <datafield tag="338" ind1=" " ind2=" ">
    <subfield code="a">recurso en l&#xED;nea</subfield>
    <subfield code="b">cr</subfield>
    <subfield code="2">rdasoporte</subfield>
  </datafield>
  <datafield tag="347" ind1=" " ind2=" ">
    <subfield code="a">archivo de texto</subfield>
    <subfield code="b">PDF</subfield>
  </datafield>
  <datafield tag="502" ind1=" " ind2=" ">
    <subfield code="a">Proyecto Final de Carrera</subfield>
    <subfield code="b">(Licenciado en Comunicaci&#xF3;n Social). --</subfield>
    <subfield code="c">Universidad Monte&#xE1;vila,</subfield>
    <subfield code="e">Caracas,</subfield>
    <subfield code="d">2025.</subfield>
  </datafield>
  <datafield tag="520" ind1="3" ind2=" ">
    <subfield code="a">El presente proyecto propone la creaci&#xF3;n del podcast &#x201C;Vibrando Alto&#x201D; para visibilizar el impacto de la filosof&#xED;a de vida del C&#xED;rculo de Realizaci&#xF3;n Personal (CRP) en la salud mental dentro de diferentes contextos sociales en Caracas, Venezuela. En las &#xFA;ltimas d&#xE9;cadas, se ha observado que adultos y j&#xF3;venes venezolanos presentan dificultades para sobrellevar su salud mental a diario, por lo que han aumentado las b&#xFA;squedas de herramientas de bienestar emocional como CRP. Por este motivo, las autoras del trabajo apuntan a la creaci&#xF3;n de un espacio seguro empleando un enfoque conversacional y reflexivo, complementado con recursos visuales y sonoros que logren fortalecer la conexi&#xF3;n con la audiencia para satisfacer esta necesidad de consumo de contenido digerible y entretenido sobre inteligencia emocional. Se busca que &#x201C;Vibrando Alto&#x201D; sea una herramienta de apoyo en este camino de transformaci&#xF3;n emocional y desarrollo personal. A lo largo de cuatro episodios se exploraron las distintas dimensiones de dicho m&#xE9;todo, tal como: la diferencia entre CRP y la psicolog&#xED;a tradicional, su beneficio en la perspectiva del duelo, su aplicaci&#xF3;n en contexto de crisis y un testimonio de cambio de perspectiva desde su pr&#xE1;ctica. Finalmente, esta propuesta permite que la audiencia desee ser expuesta a nuevas herramientas beneficiosas para la salud mental, as&#xED; como despojar cualquier tipo de estereotipos existentes sobre las diversas maneras de abordar el bienestar emocional.</subfield>
  </datafield>
  <datafield tag="650" ind1=" " ind2="0">
    <subfield code="9">351</subfield>
    <subfield code="a">PODCASTS</subfield>
    <subfield code="x">CASOS DE ESTUDIO</subfield>
  </datafield>
  <datafield tag="650" ind1=" " ind2="0">
    <subfield code="9">880</subfield>
    <subfield code="a">INTELIGENCIA EMOCIONAL</subfield>
    <subfield code="x">CASOS DE ESTUDIO</subfield>
  </datafield>
  <datafield tag="650" ind1=" " ind2="0">
    <subfield code="9">9956</subfield>
    <subfield code="a">AUTORREALIZACION</subfield>
    <subfield code="x">CASOS DE ESTUDIO</subfield>
  </datafield>
  <datafield tag="700" ind1="1" ind2=" ">
    <subfield code="9">13386</subfield>
    <subfield code="a">Delgado Torres, Mar&#xED;a Elisa</subfield>
    <subfield code="e">autor</subfield>
  </datafield>
  <datafield tag="700" ind1="1" ind2=" ">
    <subfield code="9">8153</subfield>
    <subfield code="a">Miranda, Evelyn</subfield>
    <subfield code="e">tutor</subfield>
  </datafield>
  <datafield tag="856" ind1="4" ind2="0">
    <subfield code="u">http://repositoriodigital.uma.edu.ve:8080/jspui/handle/123456789/1411</subfield>
    <subfield code="z">Para ver el documento presione aqu&#xED;</subfield>
  </datafield>
  <datafield tag="942" ind1=" " ind2=" ">
    <subfield code="2">lcc</subfield>
    <subfield code="c">TESIS</subfield>
  </datafield>
  <datafield tag="999" ind1=" " ind2=" ">
    <subfield code="c">12340</subfield>
    <subfield code="d">12340</subfield>
  </datafield>
  <datafield tag="952" ind1=" " ind2=" ">
    <subfield code="0">0</subfield>
    <subfield code="1">0</subfield>
    <subfield code="4">0</subfield>
    <subfield code="7">0</subfield>
    <subfield code="8">RE</subfield>
    <subfield code="a">BUMA</subfield>
    <subfield code="b">BUMA</subfield>
    <subfield code="d">2025-09-23</subfield>
    <subfield code="l">0</subfield>
    <subfield code="o">PFC11 2025</subfield>
    <subfield code="r">2025-09-23</subfield>
    <subfield code="w">2025-09-23</subfield>
    <subfield code="y">TESIS</subfield>
  </datafield>
</record>
